000 01565nam a22002177a 4500
001 3003
005 20240130122220.0
020 _a0571228305
040 _aFISKH
_beng
_cFISKH
_dFISKH
050 _aPR6052.E5
082 _a822.912
100 _aBennett, Alan
245 _aUntold stories :
_cAlan Bennett
260 _aLondon :
_bfaber&faber ;
_c1988
300 _a658 pages :
_c25 cm
520 _aHere, at last, is the astonishing sequel to Alan Bennett's classic Writing Home, in a beautiful hardback edition. Untold Stories contains significant previously unpublished work, including a poignant memoir of his family and of growing up in Leeds, together with his much celebrated diary for the years 1996-2004, and numerous other exceptional essays, reviews and comic pieces. Bennett, as always, is both amusing and poignant, whether he's discussing his modest childhood or his work with figures such as Maggie Smith, Thora Hird and John Gielgud. Since the success of Beyond the Fringe in the 1960s Alan Bennett has delighted audiences worldwide with his gentle humour and wry observations about life. His many works include Forty Years On, The Lady in the Van, Talking Heads, A Question of Attribution and The Madness of King George. The History Boys opened to great acclaim at the National in 2004, and is winner of the Evening Standard Award, the South Bank Award and the Critics' Circle Award for Best New Play. Untold Stories is published jointly with Profile Books.
650 _aBiography
650 _aMemoire
650 _aLeeds
942 _2ddc
_cBK
_n0
999 _c3003
_d3003